000
00296cam a2200121ua 4500
020
_a
9788122605884
082
_a
894.812 803
_b
EAC/OR
100
_a
Eachara , Varier .
245
0
0
_a
Orachante ormakurippukal /
260
_a
Thrissur :
_b
Current Books ,
_c
2005.
300
_a
144 ; .
942
_c
BK
999
_c
13580
_d
13580